MyGZULibrary

Aftermaths / (Record no. 3963)

MARC details
000 -LEADER
fixed length control field 00722nam a22002537a 4500
001 - CONTROL NUMBER
control field 1441040
003 - CONTROL NUMBER IDENTIFIER
control field GZU
005 - DATE AND TIME OF LATEST TRANSACTION
control field 20210316112222.0
008 - FIXED-LENGTH DATA ELEMENTS--GENERAL INFORMATION
fixed length control field 850419s1983 rh 000 0 eng
010 ## - LIBRARY OF CONGRESS CONTROL NUMBER
LC control number 84981044
020 ## - INTERNATIONAL STANDARD BOOK NUMBER
International Standard Book Number 0869253646
040 ## - CATALOGING SOURCE
Original cataloging agency DLC
Transcribing agency DLC
Modifying agency DLC
050 00 - LIBRARY OF CONGRESS CALL NUMBER
Classification number PR9344 NYA 1995
100 1# - MAIN ENTRY--PERSONAL NAME
Personal name Nyamfukudza, S.,
Dates associated with a name 1951-
Relator term author
245 10 - TITLE STATEMENT
Title Aftermaths /
Statement of responsibility, etc. S. Nyamfukudza.
260 ## - PUBLICATION, DISTRIBUTION, ETC.
Place of publication, distribution, etc. Harare, Zimbabwe :
Name of publisher, distributor, etc. College Press,
Date of publication, distribution, etc. 1995.
300 ## - PHYSICAL DESCRIPTION
Extent 78 p. ;
Dimensions 21 cm.
440 #0 - SERIES STATEMENT/ADDED ENTRY--TITLE
Title Modern writers of Zimbabwe
500 ## - GENERAL NOTE
General note Modern writers of Zimbabwe
650 ## - SUBJECT ADDED ENTRY--TOPICAL TERM
Source of heading or term Short Stories---- English
651 ## - SUBJECT ADDED ENTRY--GEOGRAPHIC NAME
Source of heading or term Zimbabwe
906 ## - LOCAL DATA ELEMENT F, LDF (RLIN)
a 7
b cbc
c orignew
d u
e ncip
f 19
g y-gencatlg
942 ## - ADDED ENTRY ELEMENTS (KOHA)
Source of classification or shelving scheme Library of Congress Classification
Koha item type Books
Classification part 9344
Item part NYA
Call number prefix PR
Holdings
Withdrawn status Lost status Damaged status Not for loan Collection code Home library Current library Shelving location Date acquired Inventory number Total Checkouts Full call number Barcode Date last seen Copy number Price effective from Koha item type Date last checked out
        Non-fiction City Campus Library City Campus Library General Stacks 03/11/2021 4473   PR9344 NYA 1995 G22757 03/11/2021 c.1 03/11/2021 Books  
        Non-fiction City Campus Library City Campus Library General Stacks 03/15/2021 4471   PR9344 NYA 1995 4471 03/15/2021 c.1 03/15/2021 Books  
        Non-fiction City Campus Library City Campus Library General Stacks 03/16/2021 4474   PR9344 NYA 1995 G22319 03/16/2021 c.3 03/16/2021 Books  
        Non-fiction City Campus Library City Campus Library General Stacks 03/16/2021 4472 1 PR9344 NYA 1995 G22609 08/01/2022 c.4 03/16/2021 Books 07/16/2022